000 00206nam a22000857a 4500
999 _c65042
_d65039
082 _a297.03
_aUPL
100 _aیونورستی آف پنجاب
245 _aداۂراۂ معارف اسلامیے
942 _cBK